header

Dynamical theory of dendritic growth in convective flow (Record no. 52023)

MARC details
000 -LEADER
fixed length control field 01557nam a2200397Ia 4500
082 04 - DEWEY DECIMAL CLASSIFICATION NUMBER
Classification number 530.417
100 1# - MAIN ENTRY--AUTHOR NAME
Personal name Xu, Jian-Jun,
245 10 - TITLE STATEMENT
Title Dynamical theory of dendritic growth in convective flow
260 ## - PUBLICATION, DISTRIBUTION, ETC. (IMPRINT)
Place of publication Boston, [Mass.] ;
-- London :
Name of publisher Kluwer Academic,
Year of publication c2004.
300 ## - PHYSICAL DESCRIPTION
Number of Pages xii, 240 p. :
Other physical details ill.
490 1# - SERIES STATEMENT
Series statement Advances in mechanics and mathematics ;
650 #0 - SUBJECT ADDED ENTRY--TOPICAL TERM
Topical Term Crystalline interfaces.
Topical Term Solid-liquid interfaces.
Topical Term Liquid-liquid interfaces.
Topical Term Dendritic crystals.
Topical Term Crystal growth.
Topical Term Fluid dynamics.
Topical Term Pattern formation (Physical sciences)
856 40 - ELECTRONIC LOCATION AND ACCESS
Uniform Resource Identifier http://site.ebrary.com/lib/rucke/Doc?id=10088565

No items available.

© 2026 Rongo University
Contact us: librarian | system librarian | Rongo university